000 00618nam a22001937a 4500
005 20250220143519.0
010 _aENG-143045
020 _c300.00
035 _aEN-126577
037 _bDBAD
082 _a599.756
_21
100 _aDhamankar, Atul
_978276
245 _atrailing the Tiger/
_cBy Atul Dhamankar
250 _a1
260 _aMumbai
_bSoniya Khare Inking Innovations
_c2014
270 _aGround Floor, India rinting House 42, G.D. Ambedkar MArg, Wadala
_bMumbai
_e400031
_mipwsoniya@gmail.com
_k022-24186233
300 _a195p.
_c21cm(pb)
_bCol. Ill.
942 _2ddc
_cEN
_h599.756
_mDHA
999 _c209587
_d209587